000 01983njm a2200469 c 4500
003 BLK
005 20241005005452.0
008 180410b bul||n||s|||||||| n|bulo|
010 _aCDD00003979000
040 _aBLK
041 _aENG
_cENG
080 _aКонцерт за кларинет и оркестър
_b785.6:788.6
_x
_z785.6:788.6
080 _aКвинтет от струнни и духови инструменти
_b785.75:787.1/.4:788
_x
_z785.75:787.1/.4:788
100 _aMozart, Wolfgang Amadeus
_d1756 - 1791
_9386874
700 _aМоцарт, Волфганг Амадеус
_d1756 - 1791
_9368558
700 1 _aSimeonov, Svilen
_eкларинет
_9354571
700 1 _aAmadeus Orchestra Sofia
_eизп.
_9354572
700 1 _aChoi Yong-Ho
_eдиригент
_97201
700 1 _aСимеонов, Свилен
_e*
_9354573
139 _aSvilen Simeonov - clarinet
_bS 96
245 1 0 _aSvilen Simeonov - clarinet [CD аудио]
_cWolfgang Amadeus Mozart; * Волфганг Амадеус Моцарт; кларинет Svilen Simeonov; изп. Amadeus Orchestra Sofia; диригент Choi Yong-Ho; * Свилен Симеонов.
257 _aBGR
260 Sofia
_bGega New
_c1999
300 _a12 cm. Stereo
306 _a62мин. 4сек.
380 _a7
505 _gK622
_tConcerto for Clarinet and Orchestra in A major
505 _gK581
_tQuintet for Clarinet and Strings in A major
590 _aS.N: 104581 от КНИГИ
650 4 _aКларинет - концерти, концертини
_9353187
650 4 _aКвинтети - струнни и духови инструменти
_9354574
653 _aкларинети
653 _aквинтети
653 _aконцерти
653 _aструнни оркестри
852 _aЦб CD 481
_p2
856 4 _qpdf
_u
856 4 _qpdf
_u
942 _cCDD
_n0
944 _aCR
_c01.01.1999
_k
_lCRON CRON
944 _aED
_c15.01.2003
_k
999 _c221629
_d221629